000 00771cpcaa2200229 4500
001 mm 81086835
003 DLC
005 20260227111710.0
008 810928|||||||||||| eng
010 _amm 81086835
040 _aDLC
_cDLC
_edacs
_dDLC
072 7 _aN
_2lcmd
245 0 0 _aKingston, Ohio, medical account book,
_f1831-1833.
300 _a1
_fitem.
300 _a1
_fcontainer.
506 0 _aOpen to research.
520 8 _aMedical account book of an unknown person of Kingston, Ohio.
546 _aCollection material in English.
650 0 _aMedicine
_xPractice
_zOhio
_zKingston.
999 _c43298
_d43298